LIBRARY ONLINE CATALOGUE

The Merck index : (Record no. 15131)

MARC details
000 -LEADER
fixed length control field 00757cam a22002172 4500
001 - CONTROL NUMBER
control field 0000013539
005 - DATE AND TIME OF LATEST TRANSACTION
control field 20151217161144.0
008 - FIXED-LENGTH DATA ELEMENTS--GENERAL INFORMATION
fixed length control field 090910s xx 000 0 eng d
020 ## - INTERNATIONAL STANDARD BOOK NUMBER
International Standard Book Number 091191000x :
040 ## - CATALOGING SOURCE
Original cataloging agency KABU
Transcribing agency KABU
245 14 - TITLE STATEMENT
Title The Merck index :
Remainder of title an encyclopedia of chemicals, drugs, and biologicals /
Statement of responsibility, etc. Maryadele J. O'Neil, editor ... [et al.].
250 ## - EDITION STATEMENT
Edition statement 14th ed.
260 ## - PUBLICATION, DISTRIBUTION, ETC. (IMPRINT)
Place of publication, distribution, etc. Whitehouse Station, NJ. :
Name of publisher, distributor, etc. Merck,
Date of publication, distribution, etc. 2006.
300 ## - PHYSICAL DESCRIPTION
Extent 1 v. (various pagings) +
Accompanying material 1 CD-ROM.
650 #0 - SUBJECT ADDED ENTRY--TOPICAL TERM
Topical term or geographic name as entry element Drugs
Form subdivision Dictionaries.
-- 0000170974
650 #0 - SUBJECT ADDED ENTRY--TOPICAL TERM
Topical term or geographic name as entry element Chemicals
Form subdivision Dictionaries.
-- 0000170975
650 #0 - SUBJECT ADDED ENTRY--TOPICAL TERM
Topical term or geographic name as entry element Biomolecules
Form subdivision Dictionaries.
-- 0000170976
852 1# - LOCATION
-- p5780 KES
908 ## - PUT COMMAND PARAMETER (RLIN)
Put command parameter 090910
950 ## - LOCAL HOLDINGS (RLIN)
-- 1
Holdings
Withdrawn status Lost status Source of classification or shelving scheme Not for loan Home library Current library Date acquired Total Checkouts Full call number Barcode Date last seen Price effective from Koha item type
    Library of Congress Classification Not For Loan Kabarak, Main Campus Kabarak, Main Campus 17/12/2015   RS51 .M47 2006 c. 1 18077 17/12/2015 17/12/2015 Reference